000
00282nam a2200121Ia 4500
008
190216s9999||||xx |||||||||||||| ||und||
100
_a
Adolf A Berle
245
0
_a
Amercian Economic Republic
260
_b
Oxford & I B H
_c
1963
300
_a
237p
650
_a
Economics
942
_c
BK
999
_c
9202
_d
9202